000 00903nam2a22002651 4500
001 v19\rc\1839137
005 20250619142826.0
035 _a(NLR Aleph) 004933076
090 _a5700626
_c5700626
100 _a20071224d1908 |||y0rusy50 ca
101 0 _arus
102 _aRU
105 _ay z |||||
200 1 _aО брани скверными словами
_f[Пр. Б.]
210 _dценз. 1908
_aБ. м.
215 _a16 с.
300 _aАвт. указан в конце текста
461 0 _1001v19\rc\1839132
_12001#$aПеред судом божьим$e№ 1-$v№ 5
_95700580
_cМосква
_d1908
_nдухов.-нрав. журн. "Кормчий"
_o№ 1-
_tПеред судом божьим
_v№ 5
701 0 _aПр. Б.
801 0 _aRU
_bNLR
_gpsbo
801 0 _aRU
_bRuMoRGB
_2psbo
801 1 _aRU
_bProSoft-M
_2rusmarc
852 _aNLR
_j128/3232
942 _cBOOK
980 _aNB